[Event "World Schools U17"]
[Site "Vrnjacka Banja"]
[Date "2025.03.24"]
[Round "5"]
[White "Panda, Barnabas"]
[Black "Kanacki, Vuk"]
[Result "1-0"]
[WhiteElo "2147"]
[BlackElo "1956"]
[PlyCount "77"]
[EventDate "2025.03.20"]
[EventType "swiss"]
[EventRounds "9"]
[EventCountry "SRB"]
[SourceTitle "CB14_2025"]
[SourceDate "2024.11.01"]
[SourceVersion "1"]
[SourceVersionDate "2024.11.01"]
[SourceQuality "1"]

1. d4 Nf6 2. c4 e6 3. Nc3 Bb4 4. e3 b6 5. Nge2 Bb7 6. a3 Be7 7. Ng3 c5 8. d5 exd5 9. cxd5 d6 10. e4 0-0 11. Bc4 a6 12. a4 Nbd7 13. f4 Re8 14. 0-0 Bf8 15. Qf3 g6 16. Bd2 Bg7 17. Rae1 Qc7 18. Nh1 Re7 19. Nf2 Rae8 20. Qd3 Qc8 21. e5 dxe5 22. Nfe4 Qb8 23. d6 Re6 24. Bxe6 Rxe6 25. f5 gxf5 26. Rxf5 Nxe4 27. Nxe4 Bxe4 28. Qxe4 Qxd6 29. Bc3 Qc6 30. Qxc6 Rxc6 31. Rd1 Rc7 32. Rd6 a5 33. Kf1 Kf8 34. Re6 c4 35. h4 Rb7 36. Rc6 Nc5 37. Bxe5 Bxe5 38. Rxe5 Nxa4 39. Rb5 1-0

[Event "World Schools U17"]
[Site "Vrnjacka Banja"]
[Date "2025.03.21"]
[Round "2"]
[White "Milanovic, Marko"]
[Black "Panda, Barnabas"]
[Result "1-0"]
[WhiteElo "2271"]
[BlackElo "2147"]
[PlyCount "82"]
[EventDate "2025.03.20"]
[EventType "swiss"]
[EventRounds "9"]
[EventCountry "SRB"]
[SourceTitle "CB14_2025"]
[SourceDate "2024.11.01"]
[SourceVersion "1"]
[SourceVersionDate "2024.11.01"]
[SourceQuality "1"]

1. e4 e5 2. Nf3 Nf6 3. d4 Nxe4 4. Bd3 d5 5. Nxe5 Nd7 6. Nxd7 Bxd7 7. 0-0 Bd6 8. Qh5 c6 9. Re1 0-0 10. Bxe4 dxe4 11. Rxe4 Qf6 12. Nc3 Bf5 13. Bg5 Qg6 14. Qxg6 Bxg6 15. Re2 f6 16. Bh4 Bb4 17. Ne4 f5 18. Ng5 Rae8 19. Re5 Rxe5 20. dxe5 Rd8 21. Nf3 Rd5 22. a3 Bc5 23. Re1 Bh5 24. c4 Rd3 25. e6 Bxf3 26. gxf3 Kf8 27. Re5 b6 28. Rxf5+ Ke8 29. Rf7 Rd4 30. Bg3 h5 31. b4 Bf8 32. Rxa7 Rxc4 33. Be5 Rc1+ 34. Kg2 Re1 35. f4 g5 36. Bc3 Rxe6 37. fxg5 Be7 38. h4 Re4 39. Kh3 Rf4 40. Be1 Rd4 41. f3 Rd1 1-0

[Event "Hvar Arsenal op 3rd"]
[Site "Hvar"]
[Date "2024.10.17"]
[Round "5"]
[White "Panda, Barnabas"]
[Black "Tomljanovic, Ivano"]
[Result "1-0"]
[WhiteElo "2053"]
[BlackElo "2094"]
[PlyCount "115"]
[EventDate "2024.10.14"]
[EventType "swiss"]
[EventRounds "9"]
[EventCountry "CRO"]
[SourceTitle "CB43_2024"]
[Source "Chessbase"]
[SourceDate "2024.10.23"]
[SourceVersion "1"]
[SourceVersionDate "2024.10.23"]
[SourceQuality "1"]

1. c4 Nf6 2. d4 e6 3. Nc3 Bb4 4. Qc2 d5 5. a3 Bxc3+ 6. Qxc3 0-0 7. Nf3 Ne4 8. Qc2 b6 9. Bf4 c5 10. e3 Nd7 11. Bd3 Bb7 12. 0-0 Qe7 13. cxd5 exd5 14. Ne5 Nxe5 15. Bxe5 h6 16. f3 Nd6 17. Rfe1 c4 18. Bf1 Rac8 19. e4 dxe4 20. fxe4 Kh8 21. Rad1 Nxe4 22. Rxe4 Bxe4 23. Qxe4 f6 24. Qh4 Rfd8 25. Bg3 c3 26. bxc3 Rxc3 27. a4 Ra3 28. Bb5 a6 29. Bxa6 Rxa4 30. Bf1 Ra2 31. Qf4 Rb2 32. d5 Qc5+ 33. Bf2 Qc2 34. Qd4 Re8 35. d6 Re4 36. Qxe4 Qxd1 37. Qe8+ Kh7 38. Qe4+ Kg8 39. Bg3 Rd2 40. Qf3 Qc1 41. Bf4 Qc5+ 42. Be3 Qxd6 43. Bxd2 Qxd2 44. Qb3+ Kh8 45. Qxb6 Qd1 46. Qe3 Qb1 47. Qe8+ Kh7 48. Qd8 Qa1 49. Qd3+ Kh8 50. Kf2 Qb2+ 51. Be2 Qa2 52. Kg3 Qa8 53. Qf5 Qb8+ 54. Kh3 Qb3+ 55. Bd3 Qg8 56. g3 g5 57. Qxf6+ Qg7 58. Qxg7+ 1-0

[Event "Hvar Arsenal op 3rd"]
[Site "Hvar"]
[Date "2024.10.15"]
[Round "2"]
[White "Filipovic, Branko"]
[Black "Panda, Barnabas"]
[Result "1/2-1/2"]
[WhiteElo "2278"]
[BlackElo "2053"]
[PlyCount "111"]
[EventDate "2024.10.14"]
[EventType "swiss"]
[EventRounds "9"]
[EventCountry "CRO"]
[SourceTitle "CB43_2024"]
[Source "Chessbase"]
[SourceDate "2024.10.23"]
[SourceVersion "1"]
[SourceVersionDate "2024.10.23"]
[SourceQuality "1"]

1. d4 Nf6 2. Bf4 e6 3. e3 c5 4. Nd2 b6 5. Ngf3 Bb7 6. Bd3 cxd4 7. exd4 d6 8. 0-0 Be7 9. h3 0-0 10. Re1 Nbd7 11. Bh2 a6 12. a4 Qc7 13. Qe2 h6 14. c3 Rfe8 15. Nc4 Bc6 16. Ne3 Qb7 17. Nd2 b5 18. axb5 axb5 19. b4 Bf8 20. Nb3 Rab8 21. Na5 Qb6 22. Nxc6 Qxc6 23. Rec1 e5 24. Qd2 e4 25. Bf1 Ra8 26. d5 Qb7 27. c4 bxc4 28. Bxc4 Ne5 29. Bf1 Nd3 30. Bxd3 exd3 31. Qxd3 Rxa1 32. Rxa1 Qxb4 33. Rb1 Qa5 34. Qb5 Qa2 35. Qb2 Qxb2 36. Rxb2 Nxd5 37. Rd2 Nxe3 38. fxe3 Rxe3 39. Bxd6 Bxd6 40. Rxd6 Kh7 41. Kf2 Ra3 42. h4 h5 43. g3 f6 44. Rb6 Kg6 45. Rb5 Rd3 46. Ra5 Kh6 47. Rb5 g5 48. hxg5+ fxg5 49. Rb6+ Kg7 50. Kg2 Re3 51. Ra6 Re7 52. Rb6 Rf7 53. Ra6 Rf6 54. Ra5 Kg6 55. Ra8 Rb6 56. Kh3 1/2-1/2

[Event "Biel HTO 57th"]
[Site "Biel"]
[Date "2024.07.24"]
[Round "9"]
[White "Chen, Muxi"]
[Black "Panda, Barnabas"]
[Result "1/2-1/2"]
[WhiteElo "2030"]
[BlackElo "2067"]
[PlyCount "119"]
[EventDate "2024.07.15"]
[EventType "swiss"]
[EventRounds "10"]
[EventCountry "SUI"]
[SourceTitle "CBM 221"]
[Source "ChessBase"]
[SourceDate "2024.08.31"]
[SourceVersion "1"]
[SourceVersionDate "2024.08.31"]
[SourceQuality "1"]

1. e4 c5 2. Nf3 d6 3. d4 cxd4 4. Nxd4 Nf6 5. Nc3 Nc6 6. Bc4 e6 7. Be3 Qc7 8. Qe2 a6 9. Nxc6 Qxc6 10. Bd3 Be7 11. 0-0-0 0-0 12. f4 Qc7 13. Bd2 e5 14. f5 b5 15. a3 Bb7 16. Rhe1 Rfe8 17. g4 Rac8 18. g5 Nd7 19. Kb1 Bf8 20. Qg4 Nc5 21. Rc1 Nxd3 22. cxd3 Qb6 23. Re3 d5 24. Nxd5 Rxc1+ 25. Bxc1 Bxd5 26. exd5 Rc8 27. Re1 Qf2 28. Qe4 Qxh2 29. Re2 Qg1 30. Re1 Qg3 31. Qxe5 Qxd3+ 32. Ka1 Rd8 33. g6 hxg6 34. fxg6 Qxg6 35. Rh1 a5 36. Qh2 f6 37. Qe2 Qf7 38. Qxb5 Qxd5 39. Rh5 Qxb5 40. Rxb5 a4 41. b4 axb3 42. Kb2 Rd3 43. Rxb3 Rxb3+ 44. Kxb3 Bc5 45. a4 Kf7 46. Kc4 Bf2 47. a5 Ke6 48. a6 Kd6 49. Ba3+ Kc6 50. Bb2 Kb6 51. Kd5 Kxa6 52. Ke6 Bh4 53. Kf7 f5 54. Bc1 g5 55. Kg6 f4 56. Kf5 f3 57. Be3 Kb5 58. Kg4 f2 59. Bxf2 Bxf2 60. Kxg5 1/2-1/2

[Event "Biel HTO 57th"]
[Site "Biel"]
[Date "2024.07.20"]
[Round "6"]
[White "Panda, Barnabas"]
[Black "Saravanan, Venkat"]
[Result "1/2-1/2"]
[WhiteElo "2067"]
[BlackElo "2266"]
[PlyCount "28"]
[EventDate "2024.07.15"]
[EventType "swiss"]
[EventRounds "10"]
[EventCountry "SUI"]
[SourceTitle "CBM 221"]
[Source "ChessBase"]
[SourceDate "2024.08.31"]
[SourceVersion "1"]
[SourceVersionDate "2024.08.31"]
[SourceQuality "1"]

1. d4 Nf6 2. c4 g6 3. g3 Bg7 4. Bg2 d5 5. cxd5 Nxd5 6. Nc3 Nb6 7. Nf3 Nc6 8. e3 0-0 9. 0-0 Re8 10. b3 e5 11. dxe5 Nxe5 12. Nxe5 Bxe5 13. Bb2 c6 14. Qc2 f5 1/2-1/2

[Event "Biel HTO 57th"]
[Site "Biel"]
[Date "2024.07.17"]
[Round "3"]
[White "Papaux, Steve"]
[Black "Panda, Barnabas"]
[Result "1-0"]
[WhiteElo "2228"]
[BlackElo "2067"]
[PlyCount "85"]
[EventDate "2024.07.15"]
[EventType "swiss"]
[EventRounds "10"]
[EventCountry "SUI"]
[SourceTitle "CBM 221"]
[Source "ChessBase"]
[SourceDate "2024.08.31"]
[SourceVersion "1"]
[SourceVersionDate "2024.08.31"]
[SourceQuality "1"]

1. e4 c5 2. Nf3 d6 3. d4 cxd4 4. Nxd4 Nf6 5. Nc3 Nc6 6. Bc4 e6 7. 0-0 a6 8. Re1 Nxd4 9. Qxd4 Qc7 10. a4 Be7 11. Bb3 0-0 12. a5 Bd7 13. h3 Rfd8 14. Be3 Bc6 15. Qd2 Rd7 16. Bb6 Qc8 17. f4 Qf8 18. Qf2 Rc8 19. f5 e5 20. Rad1 Bd8 21. g4 Bxb6 22. Qxb6 Qe7 23. Re2 Kh8 24. Kh2 Ne8 25. Qe3 Nf6 26. Red2 Qd8 27. Qf3 h6 28. h4 Qxa5 29. g5 Ng8 30. Qh5 Qc7 31. gxh6 Nxh6 32. f6 Kh7 33. fxg7 Rg8 34. Rg2 d5 35. Nxd5 Bxd5 36. Bxd5 Qb6 37. Rdg1 Qf6 38. Qg5 Qf4+ 39. Qxf4 exf4 40. Rg5 b6 41. c4 b5 42. e5 Rb8 43. Rh5 1-0

[Event "Biel HTO 57th"]
[Site "Biel"]
[Date "2024.07.16"]
[Round "2"]
[White "Panda, Barnabas"]
[Black "Mostertman, Milan"]
[Result "1/2-1/2"]
[WhiteElo "2067"]
[BlackElo "2220"]
[PlyCount "74"]
[EventDate "2024.07.15"]
[EventType "swiss"]
[EventRounds "10"]
[EventCountry "SUI"]
[SourceTitle "CBM 221"]
[Source "ChessBase"]
[SourceDate "2024.08.31"]
[SourceVersion "1"]
[SourceVersionDate "2024.08.31"]
[SourceQuality "1"]

1. c4 c6 2. g3 d5 3. Nf3 dxc4 4. Bg2 Nf6 5. a4 h6 6. Na3 Be6 7. Qc2 Qd5 8. 0-0 Na6 9. Rd1 g6 10. Qc3 Bg7 11. d3 cxd3 12. Ng5 Qd7 13. Rxd3 Qc8 14. Nxe6 Qxe6 15. Be3 0-0 16. Rad1 Ne4 17. Qc1 Nd6 18. Nc2 Qa2 19. b3 Nf5 20. Nd4 Nxe3 21. R1d2 Qxd2 22. Rxd2 Nd5 23. Bxd5 cxd5 24. Nb5 e6 25. Rc2 b6 26. Nc7 Nxc7 27. Rxc7 a5 28. e3 Rfb8 29. Qc6 h5 30. Rb7 Bf8 31. Rxb8 Rxb8 32. Qc7 Re8 33. Qxb6 Bb4 34. Qc6 Rd8 35. Qc2 d4 36. exd4 Rxd4 37. Kg2 Rd5 1/2-1/2

[Event "HUN-chT2 Toth 2324"]
[Site "Hungary"]
[Date "2024.05.12"]
[Round "9.3"]
[White "Panda, Barnabas"]
[Black "Pap, Andras"]
[Result "0-1"]
[WhiteElo "2090"]
[BlackElo "2174"]
[PlyCount "72"]
[EventDate "2023.10.08"]
[EventType "team-tourn"]
[EventRounds "9"]
[EventCountry "HUN"]
[SourceTitle "EXT 2025"]
[Source "ChessBase"]
[SourceDate "2024.10.14"]
[SourceVersion "1"]
[SourceVersionDate "2024.10.14"]
[SourceQuality "1"]
[WhiteTeam "Egyetem Neumann"]
[BlackTeam "Szeged Maroczy II"]
[WhiteTeamCountry "HUN"]
[BlackTeamCountry "HUN"]

1. d4 Nf6 2. c4 g6 3. Nc3 Bg7 4. e4 d6 5. h3 0-0 6. Be3 e5 7. d5 Nbd7 8. g4 Nc5 9. f3 a5 10. Qd2 Ne8 11. 0-0-0 f5 12. exf5 gxf5 13. Bd3 Nxd3+ 14. Qxd3 Nf6 15. Nge2 Nd7 16. gxf5 Nc5 17. Bxc5 dxc5 18. Ne4 Bh6+ 19. Kb1 Bxf5 20. N2g3 Bg6 21. h4 b6 22. h5 Be8 23. Rde1 Bd7 24. Rhg1 Kh8 25. Qc3 Qe7 26. Nf2 Rae8 27. Ng4 Bf4 28. Ne4 Bg5 29. Ka1 Rf7 30. Nef2 Rff8 31. Nh3 Bxg4 32. Rxg4 Bh6 33. Rge4 Qf7 34. Rxe5 Bg7 35. Ng5 Qxh5 36. Ne6 Qxf3 0-1

[Event "HUN-chT2 Toth 2324"]
[Site "Hungary"]
[Date "2024.04.21"]
[Round "8.3"]
[White "Vereczkei, Laszlo"]
[Black "Panda, Barnabas"]
[Result "1-0"]
[WhiteElo "1924"]
[BlackElo "2095"]
[PlyCount "135"]
[EventDate "2023.10.08"]
[EventType "team-tourn"]
[EventRounds "9"]
[EventCountry "HUN"]
[SourceTitle "EXT 2025"]
[Source "ChessBase"]
[SourceDate "2024.10.14"]
[SourceVersion "1"]
[SourceVersionDate "2024.10.14"]
[SourceQuality "1"]
[WhiteTeam "Gyula"]
[BlackTeam "Egyetem Neumann"]
[WhiteTeamCountry "HUN"]
[BlackTeamCountry "HUN"]

1. e4 c5 2. Nf3 e6 3. d4 cxd4 4. Nxd4 a6 5. c4 Nf6 6. Nc3 Bb4 7. Qc2 Qc7 8. Bd2 Bc5 9. Nb3 Ba7 10. Be2 d6 11. Bf4 e5 12. Bg5 Nbd7 13. Qd2 h6 14. Be3 Bxe3 15. Qxe3 Nc5 16. Nxc5 Qxc5 17. Qxc5 dxc5 18. Nd5 Nxd5 19. cxd5 Ke7 20. 0-0 Kd6 21. f4 exf4 22. Rxf4 f6 23. Bh5 Bd7 24. h4 b5 25. Bg6 Rac8 26. Rc1 c4 27. Kf2 Rc5 28. Ke3 Rhc8 29. Kd4 b4 30. g4 c3 31. b3 c2 32. g5 hxg5 33. hxg5 Ke7 34. gxf6+ gxf6 35. Rh4 Kd6 36. Rh7 Bb5 37. Rf7 Rc3 38. Rxf6+ Kc7 39. e5 Rh8 40. d6+ Kd8 41. e6 Rh4+ 42. Be4 Rd3+ 43. Ke5 Rxe4+ 44. Kxe4 Rxd6 45. e7+ Kxe7 46. Rxd6 Kxd6 47. Rxc2 Be8 48. Kd4 Bb5 49. Rh2 a5 50. Rh6+ Kc7 51. Rg6 Be2 52. Kc5 Kb7 53. Rb6+ Ka7 54. Rd6 Kb7 55. Rd2 Bf1 56. Rf2 Bd3 57. Rf6 Ka7 58. Rd6 Be2 59. Kc6 Ka6 60. Rd8 Ka7 61. Kc5 Bf1 62. Rd2 Ka6 63. a3 bxa3 64. Ra2 Bb5 65. Rxa3 Be8 66. b4 a4 67. Re3 Bb5 68. Re7 1-0

[Event "HUN-chT2 Toth 2324"]
[Site "Hungary"]
[Date "2024.04.07"]
[Round "7.3"]
[White "Panda, Barnabas"]
[Black "Keresztes, Mark"]
[Result "1/2-1/2"]
[WhiteElo "2095"]
[BlackElo "1984"]
[PlyCount "107"]
[EventDate "2023.10.08"]
[EventType "team-tourn"]
[EventRounds "9"]
[EventCountry "HUN"]
[SourceTitle "EXT 2025"]
[Source "ChessBase"]
[SourceDate "2024.10.14"]
[SourceVersion "1"]
[SourceVersionDate "2024.10.14"]
[SourceQuality "1"]
[WhiteTeam "Egyetem Neumann"]
[BlackTeam "Kecskemet Takisz"]
[WhiteTeamCountry "HUN"]
[BlackTeamCountry "HUN"]

1. d4 Nf6 2. c4 e6 3. Nc3 Bb4 4. Qc2 d6 5. Nf3 0-0 6. e4 Bxc3+ 7. bxc3 Nbd7 8. e5 Ne8 9. Bg5 f6 10. exf6 Ndxf6 11. Bd3 Qd7 12. 0-0 Qf7 13. Rae1 Qh5 14. Bc1 b6 15. Qe2 g6 16. Ng5 Qxe2 17. Rxe2 Ng7 18. Rfe1 Bd7 19. Ba3 c5 20. Bc1 Rad8 21. h3 Nfh5 22. g3 Bc8 23. Ne4 d5 24. Nd2 cxd4 25. cxd5 dxc3 26. Ne4 exd5 27. Nxc3 Bxh3 28. Bg5 Rde8 29. Nxd5 Rxe2 30. Rxe2 Re8 31. Re7 Be6 32. Bc4 Rxe7 33. Nxe7+ Kf7 34. Nd5 Ne8 35. Bb3 Nhf6 36. Nb4 Bxb3 37. axb3 Ne4 38. Bf4 Ke6 39. Nc6 a6 40. Be3 Nc5 41. b4 Nd7 42. Kf1 Kd5 43. Ne7+ Kc4 44. Bd2 Nd6 45. Ke2 Ne5 46. Bf4 Ndf7 47. Bd2 Nd3 48. Nc8 Nxb4 49. Nxb6+ Kb5 50. Nd7 h6 51. f4 a5 52. Nf8 g5 53. fxg5 hxg5 54. g4 1/2-1/2

[Event "HUN-ch U20"]
[Site "Szolnok"]
[Date "2024.04.03"]
[Round "4"]
[White "Panda, Barnabas"]
[Black "Gyorfi, Adam"]
[Result "1-0"]
[WhiteElo "2066"]
[BlackElo "2042"]
[PlyCount "37"]
[EventDate "2024.03.31"]
[EventType "swiss"]
[EventRounds "9"]
[EventCountry "HUN"]
[SourceTitle "CBM 219 Extra"]
[Source "ChessBase"]
[SourceDate "2024.05.31"]
[SourceVersion "1"]
[SourceVersionDate "2024.05.31"]
[SourceQuality "1"]

1. d4 Nf6 2. c4 e6 3. Nc3 Bb4 4. Qc2 0-0 5. Nf3 d5 6. Bg5 dxc4 7. e3 b5 8. a4 c6 9. Bxf6 Qxf6 10. axb5 Bb7 11. bxc6 Nxc6 12. Bxc4 e5 13. 0-0 exd4 14. Nd5 Qd6 15. Ng5 g6 16. Qb3 Kg7 17. Nxb4 Qxb4 18. Bxf7 h6 19. Qe6 1-0

[Event "HUN-chT1 Maroczy 2324"]
[Site "Hungary"]
[Date "2024.03.10"]
[Round "8.10"]
[White "Barabas, Tibor"]
[Black "Panda, Barnabas"]
[Result "0-1"]
[WhiteElo "1936"]
[BlackElo "2066"]
[PlyCount "46"]
[EventDate "2023.10.08"]
[EventType "team-tourn"]
[EventRounds "11"]
[EventCountry "HUN"]
[SourceTitle "EXT 2025"]
[Source "ChessBase"]
[SourceDate "2024.10.14"]
[SourceVersion "1"]
[SourceVersionDate "2024.10.14"]
[SourceQuality "1"]
[WhiteTeam "Pitypalatty"]
[BlackTeam "Neumann Egyetem"]
[WhiteTeamCountry "HUN"]
[BlackTeamCountry "HUN"]

1. e4 c5 2. Nf3 e6 3. d4 cxd4 4. Nxd4 a6 5. c4 Nf6 6. Nc3 Bb4 7. Bd3 Nc6 8. Nxc6 dxc6 9. Qc2 e5 10. a3 Bc5 11. h3 a5 12. Qe2 Be6 13. Be3 Bxe3 14. Qxe3 0-0 15. Rd1 Qe7 16. Na4 Rad8 17. Qb6 Rd4 18. Qc5 Qd8 19. Ke2 Nxe4 20. Bxe4 Rxe4+ 21. Kf3 Rf4+ 22. Kg3 Qg5+ 23. Kh2 Rxc4 0-1

[Event "Wch U14"]
[Site "Montesilvano"]
[Date "2023.11.23"]
[Round "10"]
[White "Panda, Barnabas"]
[Black "Gkavardinas, Antonios"]
[Result "0-1"]
[WhiteElo "1905"]
[BlackElo "2230"]
[PlyCount "118"]
[EventDate "2023.11.13"]
[EventType "swiss"]
[EventRounds "11"]
[EventCountry "ITA"]
[SourceTitle "CBM 217 Extra"]
[Source "ChessBase"]
[SourceDate "2024.01.31"]
[SourceVersion "1"]
[SourceVersionDate "2024.01.31"]
[SourceQuality "1"]

1. d4 d5 2. c4 e6 3. Nf3 Nf6 4. Nc3 Be7 5. Bf4 0-0 6. e3 Nbd7 7. c5 c6 8. Bd3 b6 9. b4 a5 10. a3 Ba6 11. 0-0 Qc8 12. Re1 Qb7 13. h3 Bxd3 14. Qxd3 Ra7 15. Reb1 axb4 16. axb4 Rfa8 17. Qd1 b5 18. Rxa7 Qxa7 19. Ne5 Nxe5 20. dxe5 Nd7 21. e4 Qc7 22. exd5 exd5 23. Qd4 Nf8 24. Bg3 Ne6 25. Qg4 g6 26. Ne2 h5 27. Qf3 Qd7 28. Qd3 h4 29. Bf4 Ra2 30. Be3 Qa7 31. f4 Ra3 32. Qd2 Ra1 33. Rxa1 Qxa1+ 34. Kh2 Qb1 35. Nd4 Nxd4 36. Qxd4 Qf5 37. Qa1 Qe6 38. Qa8+ Kg7 39. Qe8 g5 40. Kh1 gxf4 41. Bxf4 d4 42. Kg1 d3 43. Kh1 Qf5 44. Bd2 Bg5 45. Bxg5 Qxg5 46. e6 Qc1+ 47. Kh2 Qf4+ 48. Kg1 Qe3+ 49. Kh1 Qxe6 50. Qd8 Qd5 51. Qxh4 d2 52. Qg4+ Kf6 53. Qf4+ Ke6 54. Qg4+ Ke7 55. Qd1 Qd4 56. Qe2+ Kd8 57. Qd1 Qe3 58. Qh5 Qe1+ 59. Kh2 d1Q 0-1

[Event "Wch U14"]
[Site "Montesilvano"]
[Date "2023.11.22"]
[Round "9"]
[White "Kiladze, Luka"]
[Black "Panda, Barnabas"]
[Result "1/2-1/2"]
[WhiteElo "2145"]
[BlackElo "1905"]
[PlyCount "108"]
[EventDate "2023.11.13"]
[EventType "swiss"]
[EventRounds "11"]
[EventCountry "ITA"]
[SourceTitle "CBM 217 Extra"]
[Source "ChessBase"]
[SourceDate "2024.01.31"]
[SourceVersion "1"]
[SourceVersionDate "2024.01.31"]
[SourceQuality "1"]

1. d4 Nf6 2. c4 e6 3. Nf3 Bb4+ 4. Nbd2 b6 5. a3 Bxd2+ 6. Qxd2 Bb7 7. e3 Ne4 8. Qc2 0-0 9. Bd3 f5 10. b3 d6 11. Bb2 Nd7 12. Rg1 d5 13. 0-0-0 Qe7 14. cxd5 exd5 15. Ne5 c5 16. Nxd7 Qxd7 17. Bxe4 fxe4 18. dxc5 bxc5 19. f3 Qe7 20. fxe4 dxe4 21. Qc4+ Qf7 22. Qxf7+ Rxf7 23. Rd6 Raf8 24. Rgd1 Rf1 25. Be5 Rxd1+ 26. Kxd1 Bc8 27. Bf4 Bg4+ 28. Kc2 Rf6 29. Rxf6 gxf6 30. Kc3 Kf7 31. Bd6 Ke6 32. Bxc5 a6 33. Kd4 f5 34. b4 Bd1 35. g3 Bc2 36. Bf8 Bd1 37. Kc5 Kd7 38. Kb6 Be2 39. a4 Bd3 40. Kb7 Be2 41. Kb6 Bd3 42. b5 axb5 43. axb5 Be2 44. Kc5 Kc7 45. Bd6+ Kb7 46. b6 Bh5 47. Bc7 Bf7 48. Kd6 Bh5 49. Ke5 Bg4 50. Kf6 Kc6 51. Kg5 h5 52. Kh4 Be2 53. Bd8 Kb7 54. h3 Bf1 1/2-1/2

[Event "Szolnok Agora op 2nd"]
[Site "Szolnok"]
[Date "2023.06.30"]
[Round "3"]
[White "Turoczi, Peter"]
[Black "Panda, Barnabas"]
[Result "0-1"]
[WhiteElo "1478"]
[BlackElo "1871"]
[PlyCount "130"]
[EventDate "2023.06.29"]
[EventType "swiss"]
[EventRounds "7"]
[EventCountry "HUN"]
[SourceTitle "EXT 2024"]
[Source "ChessBase"]
[SourceDate "2023.10.10"]
[SourceVersion "1"]
[SourceVersionDate "2023.10.10"]
[SourceQuality "1"]

1. d4 Nf6 2. Nf3 e6 3. c4 d5 4. Nc3 Be7 5. Bg5 Nbd7 6. e3 b6 7. cxd5 exd5 8. Be2 Bb7 9. 0-0 0-0 10. Rc1 c5 11. Ne5 h6 12. Nxd7 Qxd7 13. Bxf6 Bxf6 14. Bg4 Qc6 15. Bf3 Rfd8 16. dxc5 bxc5 17. Qa4 Qb6 18. Qb3 c4 19. Qxb6 axb6 20. a3 Rab8 21. Rfd1 d4 22. exd4 Bxf3 23. gxf3 Bxd4 24. Nb5 Bxb2 25. Rxd8+ Rxd8 26. Rxc4 Rd3 27. Rb4 Bxa3 28. Nxa3 Rxa3 29. Rxb6 Rxf3 30. Rb8+ Kh7 31. Kg2 Ra3 32. Rb6 g5 33. f3 Ra4 34. h3 Kg7 35. Rc6 f6 36. Kg3 Kg6 37. Rc8 h5 38. Rc5 h4+ 39. Kg2 Kf7 40. Rc6 Ke7 41. Rb6 Kf7 42. Rc6 Kg6 43. Rc5 Ra2+ 44. Kg1 Re2 45. Rb5 Kf7 46. Rb6 Re5 47. Kf2 Kg6 48. Rb4 Kf5 49. Rc4 Ra5 50. Rb4 Ra2+ 51. Kg1 Ke5 52. Rc4 Rd2 53. Re4+ Kf5 54. Rc4 Re2 55. Rb4 Ke5 56. Rc4 f5 57. Rb4 Rd2 58. Ra4 Rd4 59. Ra5+ Kf4 60. Kg2 Rd2+ 61. Kf1 Rh2 62. Ra4+ Kg3 63. Kg1 Rxh3 64. Ra2 Kxf3 65. Rf2+ Kg4 0-1

[Event "Szolnok Agora op 2nd"]
[Site "Szolnok"]
[Date "2023.06.29"]
[Round "1"]
[White "Javorek, Jozsef"]
[Black "Panda, Barnabas"]
[Result "0-1"]
[WhiteElo "1324"]
[BlackElo "1871"]
[PlyCount "30"]
[EventDate "2023.06.29"]
[EventType "swiss"]
[EventRounds "7"]
[EventCountry "HUN"]
[SourceTitle "EXT 2024"]
[Source "ChessBase"]
[SourceDate "2023.10.10"]
[SourceVersion "1"]
[SourceVersionDate "2023.10.10"]
[SourceQuality "1"]

1. e4 c5 2. c3 d5 3. e5 Nc6 4. f4 Bf5 5. Nf3 e6 6. d3 Nge7 7. g3 d4 8. Bg2 dxc3 9. Nxc3 Qxd3 10. Qa4 Nd5 11. Nxd5 exd5 12. Ng5 Bg4 13. Bf1 Qd4 14. Qb5 c4 15. Qxb7 Bb4+ 0-1

[Event "HUN-chT2 Toth 2223"]
[Site "Hungary"]
[Date "2022.11.20"]
[Round "3.9"]
[White "Panda, Barnabas"]
[Black "Nagy, Noemi"]
[Result "1-0"]
[WhiteElo "1753"]
[BlackElo "1660"]
[PlyCount "73"]
[EventDate "2022.10.16"]
[EventType "team-tourn"]
[EventRounds "11"]
[EventCountry "HUN"]
[SourceTitle "EXT 2025"]
[Source "ChessBase"]
[SourceDate "2024.10.14"]
[SourceVersion "1"]
[SourceVersionDate "2024.10.14"]
[SourceQuality "1"]
[WhiteTeam "Kecskemet TLSE II"]
[BlackTeam "Felegyhaza Csongrad"]
[WhiteTeamCountry "HUN"]
[BlackTeamCountry "HUN"]

1. d4 Nf6 2. c4 e6 3. Nc3 d5 4. Nf3 b6 5. Bf4 Bb4 6. Qa4+ Nbd7 7. Qxb4 c5 8. dxc5 bxc5 9. Qb3 d4 10. Nb5 0-0 11. Bc7 Qe8 12. Bd6 Qd8 13. Bxf8 Qa5+ 14. Nd2 Kxf8 15. Qa3 Qb6 16. Nxd4 Rb8 17. b3 Ne5 18. N4f3 Nc6 19. e3 e5 20. Qb2 e4 21. Ne5 Be6 22. Nxc6 Qxc6 23. Be2 a5 24. 0-0 h5 25. Qc3 Qc7 26. f3 h4 27. Nxe4 Ke7 28. Nxf6 gxf6 29. Rad1 Rg8 30. f4 h3 31. g3 Bd7 32. Bf3 Rg6 33. Rd2 f5 34. Qe5+ Kd8 35. Rfd1 Re6 36. Qxc7+ Kxc7 37. Rxd7+ 1-0

[Event "HUN-chT2 Toth 2223"]
[Site "Hungary"]
[Date "2022.10.16"]
[Round "1.11"]
[White "Panda, Barnabas"]
[Black "Szonyi, Peter"]
[Result "1-0"]
[WhiteElo "1690"]
[BlackElo "1176"]
[PlyCount "141"]
[EventDate "2022.10.16"]
[EventType "team-tourn"]
[EventRounds "11"]
[EventCountry "HUN"]
[SourceTitle "EXT 2025"]
[Source "ChessBase"]
[SourceDate "2024.10.14"]
[SourceVersion "1"]
[SourceVersionDate "2024.10.14"]
[SourceQuality "1"]
[WhiteTeam "Kecskemet TLSE II"]
[BlackTeam "Oroshaza SE"]
[WhiteTeamCountry "HUN"]
[BlackTeamCountry "HUN"]

1. d4 d5 2. c4 Bf5 3. Nc3 e6 4. cxd5 exd5 5. Qb3 Nf6 6. Qxb7 Nbd7 7. Nxd5 Nxd5 8. Qxd5 Bb4+ 9. Bd2 Bxd2+ 10. Kxd2 Be6 11. Qe4 0-0 12. Nf3 c5 13. e3 cxd4 14. Qxd4 Qe7 15. Bd3 Nf6 16. Ke2 Rfd8 17. Qh4 Qd7 18. Rhd1 Qc7 19. Rac1 Qb6 20. b3 Rac8 21. Nd4 g6 22. Nxe6 Qxe6 23. Rxc8 Rxc8 24. Bc4 Qc6 25. Qf4 Ne4 26. Bxf7+ Kg7 27. Kf1 Qc2 28. Qf3 Nd2+ 29. Rxd2 Qxd2 30. Bc4 Rf8 31. Qe2 Qd6 32. g3 Qc6 33. Kg1 Qf6 34. e4 Qa1+ 35. Kg2 Qd4 36. e5 Qc5 37. e6 Re8 38. Qb2+ Kh6 39. Qd2+ Kg7 40. Qd7+ Re7 41. Qd8 a5 42. a4 Qc6+ 43. Kg1 Qc5 44. Kg2 g5 45. Qd5 Qxd5+ 46. Bxd5 g4 47. f4 gxf3+ 48. Kxf3 Kg6 49. Kf4 Kf6 50. Bc4 h5 51. Ke4 Re8 52. Kd5 Ke7 53. Kc5 Rb8 54. Kc6 Rb4 55. Kd5 Rb8 56. Ke5 h4 57. gxh4 Rh8 58. Kd5 Rxh4 59. Kc5 Rxh2 60. Kb6 Rh5 61. Bb5 Rh6 62. Kxa5 Rxe6 63. Bc4 Re5+ 64. Kb6 Kd8 65. a5 Kc8 66. a6 Rh5 67. Be6+ Kd8 68. a7 Ke7 69. a8Q Rh4 70. Bc4 Rh6+ 71. Kc7 1-0